000 00287nam a22001337a 4500
008 181022b xxu||||| |||| 00| 0 eng d
020 _a9780618116492
041 _aeng
080 _a371
100 _a46
101 _aEDU
245 _aTeaching Tips
_cMcKeachie, W.J
942 _2udc
_cBK
999 _c50456
_d50456